000 00395 a2200169 4500
001 139963
040 _cLeonardo Da Vinci
041 _aPortuguês
082 _a869.93 F936r
_bF936r
100 _aFREITAS, Delmo Lima
245 _aRegistros
_bpoesias
260 _bPiracicaba
_c1980
_aSão Paulo
300 _a95
362 _a19800000
697 _aLiteratura
_aPoesia
_aBrasil
942 _cBK
999 _c139963
_d139963